| 000 | 00871nam a22002057a 4500 | ||
|---|---|---|---|
| 999 |
_c8029 _d8029 |
||
| 003 | AR-CdUCM | ||
| 008 | 190322b ||||| |||| 00| 0 spa d | ||
| 040 |
_aMUNICIPALIDAD PROVINCIAL DEL CUSCO _cBIBLIOTECA MUNICIPAL DEL CUSCO |
||
| 041 | _heng. | ||
| 082 |
_a537 / _bM69 |
||
| 100 |
_aMohr, Otto _919717 |
||
| 245 |
_aElectrotecnia General : _bConexión y desconexión, resistencias y técnicas de medición / |
||
| 260 |
_aMéxico : _bRabasa, _c1962. |
||
| 300 |
_a120 paginas ; _c17 cm. |
||
| 505 | _aContenido :Los interruptores de los circuitos eléctricos --Tipo de resistencia óhmicas, conductividades y capacidades --Principios fundamentales de los aparatos eléctricos de medida y los instrumentos de indicación directa ... | ||
| 650 |
_aCorriente eléctrica _922688 |
||
| 700 |
_aJose Novo Cerro (traductor) _922689 |
||
| 942 |
_2ddc _cLIBROS |
||
| 945 | _arjall | ||